| 000 | 00612nam a2200121Ia 4500 | ||
|---|---|---|---|
| 008 | 220620s9999||||xx |||||||||||||| ||und|| | ||
| 100 | _aBanda, Geoffrey||Tibandebage, Paula||Mackintosh, Maureen||Wamae, Watu | ||
| 245 | 0 | _aMaking Medicines in Africa: The Political Economy of Industrializing for Local Health | |
| 546 | _aEnglish[eng] | ||
| 650 | _aLife Sciences||Economics||International Relations||International Political Economy||Political Economy||Development||African Studies||African Economics||Pharmacology and Toxicology | ||
| 856 | _uhttp://link.springer.com/book/10.1007/978-1-137-54647-0 | ||
| 942 | _cEB | ||
| 999 |
_c32370 _d32370 |
||